| 000 | 01187nam a2200289 i 4500 | ||
|---|---|---|---|
| 003 | DO-SdBNP | ||
| 005 | 20240301083527.0 | ||
| 007 | ta | ||
| 008 | 240301s2013 dr o 000 0 spa d | ||
| 040 |
_aDO-SdBNP _bspa _cBNPHU _erda |
||
| 041 | 1 | 7 |
_aspa _heng |
| 082 | 4 |
_222 _bT856 |
|
| 245 | 0 | 0 |
_aTropicalia : _bRepública Dominicana / _cmensaje Adriana Cisneros de Griffin |
| 246 |
_aTropicalia República Dominicana : _breporte de sostenibilidad corporativa 2012 = corporate sustainability report 2012 / |
||
| 264 | 1 |
_aSanto Domingo : _bFundación Tropicalia, _bFundación Cisneros, _c2013. |
|
| 300 |
_a37 páginas _bfotografías _c26 cm. |
||
| 336 |
_2rdacontent _atexto _btxt |
||
| 337 |
_2rdamedia _asin mediación _bn |
||
| 338 |
_2rdacarrier _avolumen _bnc |
||
| 546 | _aTexto en español, inglés y francés. | ||
| 590 | _aInventariado, 2024/ YL | ||
| 700 | 1 |
_aCisneros de Griffin, Adriana _emensaje _961577 |
|
| 740 | 0 | _aThe great change : the social and economic transformation of the Dominican Republic, 1963-2013 | |
| 740 | 0 | _aLe grand changement : la transformation sociale et économique de la Republique Dominicaine, 1963-2013 | |
| 910 | _aYLockward | ||
| 942 |
_2ddc _cLF2 |
||
| 999 |
_c56010 _d56010 |
||